Statistics for Country Boggle

Click here to take the quiz!

General Stats

  • This quiz has been taken 58,891 times
    (58,843 since last reset)
  • The average score is 9 of 18

Answer Stats

Country% Correct
Australia
83%
Austria
82%
China
72%
Thailand
69%
Italy
62%
Spain
62%
Greece
60%
India
60%
Germany
56%
Chad
52%
Ireland
49%
Palau
39%
Iceland
36%
Romania
33%
Somalia
28%
Oman
23%
Mali
19%
Malta
19%

Score Distribution

Percentile by Number Answered

Percent of People with Each Score

Your Score History

You have not taken this quiz since the last reset